Soldadura por plasma

Guardat en:
Dades bibliogràfiques
Altres autors: Canal MecanicaUNT / YouTube
Format: Llibre
Idioma:espanyol
Matèries:
Accés en línia:Soldadura por plasma
Etiquetes: Afegir etiqueta
Sense etiquetes, Sigues el primer a etiquetar aquest registre!

MARC

LEADER 00000nam a22000004a 4500
001 vpro10093
005 20201223000000.0
008 160621s2016 ck # g## #001 0#spa#d
020
022
040 |a CO-BoINGC 
041 0 |a spa 
245 1 0 |a Soldadura por plasma 
246 |a Plasma Arc Welding 
264 |a Bogot ̀(Colombia) :  |b Revista VirtualPRO,  |c 2016 
520 3
650 \ \ |a Soldadura 
650 \ \ |a Welding 
650 \ \ |a soldadura; soldadura de arco elčtrico 
650 \ \ |a welding; electric arc welding  
700 \ \ |a Canal MecanicaUNT / YouTube 
856 |z Soldadura por plasma  |u https://virtualpro.unach.elogim.com/biblioteca/soldadura-por-plasma